Taa,ruf-e-Ablagh-e-Aama (Record no. 10993)
[ view plain ]
| 000 -LEADER | |
|---|---|
| fixed length control field | 00424 a2200145 4500 |
| 082 ## - DEWEY DECIMAL CLASSIFICATION NUMBER | |
| Classification number | 302.230973 |
| 090 ## - LOCALLY ASSIGNED LC-TYPE CALL NUMBER (OCLC); LOCAL CALL NUMBER (RLIN) | |
| -- | 7190 |
| -- | 7190 |
| 100 ## - MAIN ENTRY--PERSONAL NAME | |
| Personal name | Matbooati, Ablagh |
| 245 ## - TITLE STATEMENT | |
| Title | Taa,ruf-e-Ablagh-e-Aama |
| Statement of responsibility, etc. | Matbooati, Ablagh |
| 260 ## - PUBLICATION, DISTRIBUTION, ETC. | |
| Place of publication, distribution, etc. | Karachi |
| Name of publisher, distributor, etc. | Seegha-i-Matbooati Ablagh |
| Date of publication, distribution, etc. | 2000 |
| 300 ## - PHYSICAL DESCRIPTION | |
| Extent | 407 p. |
| Dimensions | 25 cm. |
| 500 ## - GENERAL NOTE | |
| General note | Includes references |
| 650 ## - SUBJECT ADDED ENTRY--TOPICAL TERM | |
| Topical term or geographic name entry element | 1. Mass Media and Culture. 2. Popular Culture. |
| 942 ## - ADDED ENTRY ELEMENTS (KOHA) | |
| Koha item type | Book |
| Call number prefix | 302.230973 MAT |
| Withdrawn status | Lost status | Damaged status | Not for loan | Permanent Location | Current Location | Total Checkouts | Full call number | Barcode | Date last seen | Price effective from | Koha item type |
|---|---|---|---|---|---|---|---|---|---|---|---|
| Central Library (CL) | Central Library (CL) | 302.230973 MAT | SEECSD00526 | 11/14/2012 | 11/14/2012 | Book |
